000 00652nam a2200241Ia 4500
003 OSt
005 20220918222214.0
006 a|||||r|||| 00| 0
007 ta
008 220917b |||||||| |||| 00| 0 eng d
024 _a215,963
037 _cTextual
040 _aARTS
_cARTS
_beng
041 _2eng
_aeng
082 _aO111,3N39x, N6
100 _aClement Catherine
_990053
245 0 _aEdwina and Nehru
_b a novel
260 _aNew Delhi
_bPenguin Books India
_c1996
300 _aix, 436p
_ccm.
650 _aENGLISH LITERATURE
942 _hO111,3N39x, N6
_cTEXL
_2CC
999 _c274759
_d274759